| 000 | 00799cab a2200229 4500 | ||
|---|---|---|---|
| 001 | WB3446-06 | ||
| 008 | 090401t1998 xxu||||| |||| 00| 0 eng d | ||
| 035 | _a(Sirsi) u90119 | ||
| 041 | _aeng | ||
| 245 | _aMixed predictions for market | ||
| 260 | _c1998 | ||
| 350 | _a0 | ||
| 490 |
_aEvening Standard _v3 December 1998, 45(1) |
||
| 520 | _aMixed opinion over the state of the City of London office market. Whilst there are signs of renewed interest, Applied Property Research warns of negative growth by the end of 1999. | ||
| 650 | _aCITY OF LONDON | ||
| 650 | _aFORECASTS | ||
| 650 | _aPROPERTY-COMMERCIAL PROPERTY-OFFICE PROPERTY-OFFICE PROPERTY MARKET | ||
| 650 | _aSLUMP | ||
| 690 | _aPROPERTY-COMMERCIAL PROPERTY-COMMERCIAL PROPERTY MARKET | ||
| 942 | _n0 | ||
| 948 | _c03/12/1998 | ||
| 999 |
_c57081 _d57081 |
||